[Event "Santa Catarina-ch (Women)"]
[Site "Lages"]
[Date "2020.02.16"]
[Round "5"]
[White "Camargo, Rafaela Francisconi"]
[Black "Pereira, Aline Vitoria"]
[Result "0-1"]
[WhiteElo "1285"]
[BlackElo "1294"]
[PlyCount "110"]
[EventDate "2020.02.14"]
[EventType "swiss"]
[EventRounds "6"]
[EventCountry "BRA"]
[SourceTitle "CBM 195 Extra"]
[Source "ChessBase"]
[SourceDate "2020.05.31"]
[SourceVersion "1"]
[SourceVersionDate "2020.05.31"]
[SourceQuality "1"]

1. e4 d5 2. exd5 Qxd5 3. d4 Nf6 4. Nc3 Qd6 5. g3 Bf5 6. Nf3 Nc6 7. Bg2 e5 8. dxe5 Nxe5 9. Qxd6 cxd6 10. Nd4 Bc8 11. Bf4 Be7 12. 0-0-0 0-0 13. Rhe1 Nfg4 14. h4 f6 15. f3 Nf2 16. Rd2 Nh3 17. Bxh3 Bxh3 18. g4 h5 19. Bxe5 fxe5 20. Nf5 Rae8 21. Nd5 Bf6 22. Rh2 hxg4 23. fxg4 Bxg4 24. Nfe3 Bh5 25. Rg1 Bd8 26. Rhg2 Rf7 27. Nc4 Re6 28. Nd2 Rh6 29. Rh2 Rf5 30. Nf1 Bf7 31. Nfe3 Rfh5 32. Ng4 Rg6 33. c4 Be6 34. Rhg2 Bxg4 35. Rxg4 Rxg4 36. Rxg4 Bxh4 37. Kc2 Bd8 38. Kb3 g5 39. Kb4 Rh4 40. Rg1 Kf7 41. Ne3 Bb6 42. Rf1+ Rf4 43. Rh1 Bxe3 44. Rh7+ Ke6 45. Rxb7 g4 46. Rg7 Bf2 47. Kc3 e4 48. Kd2 g3 49. Ke2 Kf5 50. Rf7+ Kg4 51. Rg7+ Kh3 52. Rh7+ Rh4 53. Rg7 e3 54. b4 g2 55. Rxg2 Kxg2 0-1